Úvod do číslicové techniky /

Gespeichert in:
Bibliographische Detailangaben
1. Verfasser: Pütz, Jean (Verfasst von)
Format: Buch
Sprache:Tschechisch
Veröffentlicht: Praha : SNTL, 1983
Ausgabe:1.vyd.
Tags: Tag hinzufügen
Keine Tags, Fügen Sie das erste Tag hinzu!

MARC

LEADER 00000nam a22000003a 4500
001 stu6634
005 20150617225809.5
008 940818s1983----cs------------------cze-d
040 |a STU  |b slo 
041 0 |a cze 
044 |a cs 
080 |a 681.32 
100 1 |a Pütz, Jean  |4 aut 
245 1 |a Úvod do číslicové techniky /  |c [aut.] Pütz,Jean 
250 |a 1.vyd. 
260 |a Praha :  |b SNTL,  |c 1983 
300 |a 478 s 
996 |b 284EK05564  |c E*53608  |l EE0101  |s P  |a 0  |w stu6634_0002 
996 |b 284EK05563  |c E*53609  |l EE01  |s A  |a 24  |w stu6634_0003 
996 |b E54234  |c E*54234  |l EE04  |s P  |a 0  |w stu6634_0004 
996 |b 284EK04047  |c E*54037  |l EE01  |s A  |a 24  |w stu6634_0007 
996 |c I*3S2913  |l I  |s A  |a 24  |w stu6634_0008 
996 |b E53617  |c E*53617  |l EE10  |s P  |a 0  |w stu6634_0009 
996 |b E56633  |c E*56633  |l EE05  |s P  |a 0  |w stu6634_0013 
996 |b E56169  |c E*56169  |l EE03  |s P  |a 0  |w stu6634_0014 
996 |c V*27300/O-11521  |l VV3  |s P  |a 0  |w stu6634_0015